DOS 6.22
| Main Author: | |
|---|---|
| Format: | Section = Libro |
| Language: | Undetermined Spanish |
| Published: |
Colombia
México
1997
|
| Subjects: |
| LEADER | 00500nam a2200193Ia 4500 | ||
|---|---|---|---|
| 008 | 240830s9999 xx 000 0 und d | ||
| 020 | |a 968-600-642-5 | ||
| 040 | |a B-ESTELÍ- RUACS / 001.642 T625 | ||
| 041 | |a spa | ||
| 082 | |a 001.642 T625 | ||
| 100 | 1 | |a Tiznado Santana, Marco Antonio | |
| 245 | 1 | 0 | |a DOS 6.22 |
| 260 | |a Colombia |b México |c 1997 | ||
| 300 | |a 114 p. :il. | ||
| 650 | 7 | |a PROGRAMAS Y PROGRAMACION DE COMPUTADORAS | |
| 650 | 7 | |b WINDOWS 3 | |
| 942 | |c BK |2 ddc | ||
| 991 | |a TEXTO | ||
| 999 | |c 10518 | ||